banner-ar

نهاية الحرب الباردة والعالم الثالث / (Record no. 49159)

MARC details
000 -الفاتح
حقل البيانات ثابتة الطول 00712nam a2200205Ia 4500
008 - عناصر البيانات ثابتة الطول - معلومات عامة
حقل البيانات ثابتة الطول 140319s9999 xx 000 0 ara d
040 ## - مصدر الفهرسة
وكالة الفهرسة الأصلية GCL /
وكالة النسخ GCL
082 04 - رقم تصنيف ديوى العشرى
رقم التصنيف 327.101
رقم المادة ه ن
100 1# - المدخل الرئيسى - إسم شخصى
الإسم الشخصى هاليدى, فريد
245 10 - بيان العنوان
العنوان نهاية الحرب الباردة والعالم الثالث /
بيان المسئوليه,etc هاليدى, فريد
700 1# - المدخل الاضافى - اسم شخصى
الإسم الشخصى عبدالاله النعيمى
300 ## - الوصف المادى
التعداد 245 ص
490 ## - بيان السلسلة
عنوان السلسلة دراسات فى الفلسفة والمجتمع
رقم المجلد/ التعيين التسلسلي 0
650 04 - المدخل الاضافى بالموضوع-مصطلح موضوعى
مصطلح موضوعي العالم الثالث
650 04 - المدخل الاضافى بالموضوع-مصطلح موضوعى
مصطلح موضوعي الاشتراكية
650 04 - المدخل الاضافى بالموضوع-مصطلح موضوعى
مصطلح موضوعي الحرب الباردة
650 04 - المدخل الاضافى بالموضوع-مصطلح موضوعى
مصطلح موضوعي الاتحاد السوفيتى - تاريخ - العصرالحديث - تفكك
942 ## - عناصر المدخل الإضافي( كوها)
مصدر التصنيف او مخطط الترفيف Dewey Decimal Classification
Koha [default] item type كتاب
Holdings
حالة التراجع حالة الفقد حالة تلف ليس للاعارة المكان المؤقت الموقع الحالى تاريخ الاكتساب اجمالي اﻻعارات رقم الطلب الباركود تاريخ اخر مشاهدة تاريخ تفعيل السعر نوع وعاء كوها
        مكتبة القاهرة الكبرى مكتبة القاهرة الكبرى 03/26/2014   327.101\ه ن 118168 03/26/2014 03/26/2014 كتاب
        مكتبة القاهرة الكبرى مكتبة القاهرة الكبرى 03/26/2014   327.101\ه ن 118169 03/26/2014 03/26/2014 كتاب
        مكتبة القاهرة الكبرى مكتبة القاهرة الكبرى 03/26/2014   327.101\ه ن 118170 03/26/2014 03/26/2014 كتاب
        مكتبة القاهرة الكبرى مكتبة القاهرة الكبرى 03/26/2014   327.101\ه ن 118171 03/26/2014 03/26/2014 كتاب

Powered By

EGPV